00611nam a22001937a 4500008004100000020001800041020001500059050002000074100002500094245007200119250001200191260003300203300004700236500005100283650001300334650001800347650002900365700002300394161107b xxu||||| |||| 00| 0 eng d a9780323025867 a0323025862 aRT 41 .P68 2005 aPotter, Patricia Ann aFundamentals of Nursing/cPatricia Ann Potter and Ann Griffin Perry a9th ed. aSt. Louis, MO:bMosby,c2005 axliii, 1728p. :bill. ;c29 cmeCDfcmg12 aIncludes bibliographical references and index. aNursing. aNursing care. aNurse-patient relations. aPerry, Ann Griffin